02283nam a22002057a 4500008004100000020001800041050002600059245020700085260009100292300001800383336001000401337001400411338001200425500004000437505142300477650004301900650005201943700004101995700004102036170504s2012 mx ||||| |||| 00| 0 spa d a9788499692142 aLB1028.25M6bF68 2012 aLa formación de investigadores en educación y la producción del conocimiento b: el caso del doctorado en educación de la UATx c/ coordinadores Alicia Colina Escalante; Ángel Díaz-Barriga  aMéxico b: Ediciones Díaz de Santos b; Universidad Autónoma de Tlaxcalac, 2012 a417 páginas atexto asin medio avolumen aIncluye Introducción (pp. 9 - 14) aPosgrado en educacióny la formación en investigación. El caso de la Universidad Autónoma de Tlaxcala Educación personalizante y transformación docente: abriendo caminos y explorando perspectivas en un doctorado de recien creación Orientación educativa en alumnos de bachillerato (estudio de caso: Bachillerato del Colegio Madrid A.C.) Aprendiendo a investigar a partir de un tema específico: Los agentes de la investigación educativa en México: capitales y habitus La profesionalización de la enfermería en México. Un análisis al cursar el doctorado en educación en la Universidad Autónoma de Tlaxcala La solución de problemas en los procesos de construcción del conocimiento de las ecuaciones de primer grado en el bachillerato trayectorias laborales de biólogos agropecuarios de la Universidad Autonóma de Tlaxcala Evaluación del desempeño docente y pago al mérito en instituciones de educación superior (El caso de la Universidad Autónoma de Tlaxcala) La tutoria entre iguales en las universidades públicas de México Prácticas socio-discursivas de estudiantes de licenciatura en Filosofía de la Universidad Autónoma de Tlaxcala El saber hacer del docente ante el trastorno por déficit de atención con o sin hiperactividad La construcción del habitus de investigador en educación a través de su investigación de grado.  0aEDUCACIÓNxINVESTIGACIÓNzMÉXICO 0aINVESTIGACIÓN ACTIVA EN EDUCACIÓNzMÉXICO aAlicia Colina Escalanteecoordinador aDíaz-Barriga, Ángelecoordinador